Productivity Development and Convergence across the EU Member States
Členské štáty EÚ majú rozličnú úroveň rozvoja. K hlavným cieľom krajín EÚ patrí zvyšovanie ekonomického blahobytu v jej 28 členských štátov.
Saved in:
| Main Author: | |
|---|---|
| Other Authors: | , , |
| Format: | Book Chapter |
| Language: | English |
| Subjects: | |
| Tags: |
No Tags, Be the first to tag this record!
|
MARC
| LEADER | 00000naa a2200000 4500 | ||
|---|---|---|---|
| 001 | 0228668 | ||
| 005 | 20240502083616.2 | ||
| 041 | 0 | |a eng | |
| 044 | |a UA | ||
| 245 | 1 | 0 | |a Productivity Development and Convergence across the EU Member States |c Štefan Čarnický, Silvia Megyesiová, Monika Čonková, Cyril Závadský |
| 520 | |a Členské štáty EÚ majú rozličnú úroveň rozvoja. K hlavným cieľom krajín EÚ patrí zvyšovanie ekonomického blahobytu v jej 28 členských štátov. | ||
| 610 | 2 | 0 | |a produktivita práce |
| 610 | 2 | 0 | |a Európska únia |
| 610 | 2 | 0 | |a Slovensko |
| 610 | 2 | 0 | |a Vyšehradská štvorka |
| 610 | 2 | 0 | |a produkt domáci hrubý |
| 610 | 2 | 0 | |a zamestnanosť |
| 610 | 2 | 0 | |a konvergencia |
| 100 | 1 | |a Čarnický, Štefan | |
| 700 | 1 | |a Megyesiová, Silvia, 1969- | |
| 700 | 1 | |a Čonková, Monika, 1976- | |
| 700 | 1 | |a Závadský, Cyril, 1971- | |